| 000 | 01196nam a2200361Ic 4500 | ||
|---|---|---|---|
| 001 | 57619 | ||
| 003 | CO-BoRNBP | ||
| 005 | 20250715141815.0 | ||
| 007 | ta | ||
| 008 | 160601s2002 sp a g 000 0 spa | ||
| 020 | _a8424181085 | ||
| 040 |
_aCO-BoRNBP _bspa _erda _cCO-BoRNBP |
||
| 041 | _aspa | ||
| 084 | _aC | ||
| 100 |
_aDePaola, Tomie, _d1934- _eaut _92348 |
||
| 245 | 1 | 0 |
_aOliver Button es una nena / _ctexto e ilustraciones TomieDe Paola ; traducción Sandra López Varela. |
| 250 | _a1a. edición | ||
| 264 | 1 |
_aLeón, España : _bEverest, _c2002 |
|
| 300 |
_a47 páginas : _bilustraciones en color |
||
| 336 |
_atexto _btxt _2rdacontent |
||
| 337 |
_asin mediación _bn _2rdamedia |
||
| 338 |
_avolumen _bnc _2rdacarrier |
||
| 490 | 0 | _aRascacielos | |
| 534 | _tOliver Button is a Sissy | ||
| 650 | 0 | 7 |
_aAmistad en la literatura _2lemb _970 |
| 650 | 0 | 7 |
_aCuentos infantiles estadounidenses _2lemb _9823 |
| 650 | 0 | 7 |
_aDiscriminación en la literatura _2lemb |
| 650 | 0 | 7 |
_aLiteratura infantil estadounidense _2lemb _9717 |
| 650 | 0 | 7 |
_aTolerancia en la literatura _2lemb _91061 |
| 700 |
_aLópez Varela, Sandra _etrl |
||
| 700 |
_aPeola, Thomie de _eill _961139 |
||
| 942 |
_2loc _cBKINF |
||
| 999 |
_c57619 _d57619 |
||